|
|
|
|
| LEADER |
02123nam a2200349 a 4500 |
| 001 |
15022527 |
| 003 |
BD-DhAAL |
| 008 |
100307s2006 bg ab bs 100 0 eng d |
| 010 |
|
|
|a 2007340553
|
| 020 |
|
|
|a 9843238818
|
| 040 |
|
|
|a DLC
|c DLC
|d DLC
|d DB-DhAAL
|
| 082 |
0 |
0 |
|a 333.7/2/095492
|2 20
|
| 111 |
2 |
|
|a International Symposium on Environmental Sustainability
|d (2006 :
|c Environmental Engineering Division, BUET)
|9 53487
|
| 245 |
1 |
0 |
|a Environmental sustainability concerns /
|c editors, Md. Mujibur Rahman ... [et al.].
|
| 260 |
|
|
|a Dhaka :
|b Environmental Engineering Division :
|b Centre for Environmental and Resource Management :
|b International Training Network Centre, BUET,
|c 2006.
|
| 300 |
|
|
|a 193 pages :
|b ill., maps ;
|c 25 cm.
|
| 500 |
|
|
|a Includes statistical tables.
|
| 504 |
|
|
|a Includes bibliographical references.
|
| 520 |
|
|
|a Papers presented at the international symposium organised by Environmental Engineering Division and others, during 7-9 Feb. 2006, BUET, Dhaka.
|
| 541 |
1 |
|
|e 00019827
|
| 650 |
|
0 |
|a Environmental protection
|z Bangladesh
|v Congresses.
|9 53488
|
| 650 |
|
0 |
|a Sustainable development
|z Bangladesh
|v Congresses.
|9 53489
|
| 700 |
1 |
|
|a Mujibur Rahman, Md.
|9 27310
|
| 710 |
2 |
|
|a Bangladesh University of Engineering and Technology.
|b Environmental Engineering Division.
|9 53490
|
| 710 |
2 |
|
|a Centre for Environmental and Resource Management (Dhaka, Bangladesh)
|9 53491
|
| 710 |
2 |
|
|a ITN-Bangladesh (Network)
|
| 852 |
4 |
|
|a Ayesha Abed Library
|j General Shelf.
|
| 942 |
|
|
|2 ddc
|c BK
|
| 999 |
|
|
|c 7717
|d 7717
|
| 952 |
|
|
|0 0
|1 0
|2 ddc
|4 0
|6 333_720954920000000_ENV_2006
|7 0
|9 8470
|a IGS
|b IGS
|c GEN
|d 2010-03-07
|l 1
|m 3
|o 333.72095492 ENV
|p 3010019827
|r 2014-06-09
|s 2012-12-31
|t 1
|w 2010-03-07
|y BK
|
| 952 |
|
|
|0 0
|1 0
|2 ddc
|4 0
|6 333_720954920000000_ENV
|7 0
|9 18897
|a IGS
|b IGS
|c GEN
|d 2011-12-18
|e A H Development Publishing House
|g 600.00
|l 1
|m 3
|o 333.72095492 ENV
|p 3010024004
|r 2014-06-09
|s 2012-12-31
|t 2
|w 2011-12-18
|y BK
|
| 952 |
|
|
|0 0
|1 0
|2 ddc
|4 0
|6 333_720954920000000_ENV_2006
|7 0
|9 22192
|a IGS
|b IGS
|c GEN
|d 2013-04-18
|e A H Development Publishing House
|g 700.00
|l 1
|m 2
|o 333.72095492 ENV
|p 3010026800
|r 2014-06-10
|s 2013-05-07
|t 3
|w 2013-04-18
|y BK
|